Increasing the Board's involvement in strategy.
Návrh postupu na revitalizáciu funkcie výboru riaditeľov pri ich začleňovaní do mapovania strategických postupov spoločností. Podmienky pre efektívny strategický prínos výboru a špecifikácia oblastí potenciálneho záujmu riaditeľov.
Na minha lista:
| Autor principal: | |
|---|---|
| Formato: | Capítulo de Livro |
| Idioma: | inglês |
| Assuntos: | |
| Tags: |
Sem tags, seja o primeiro a adicionar uma tag!
|
MARC
| LEADER | 00000naa a2200000 4500 | ||
|---|---|---|---|
| 001 | r003710 | ||
| 005 | 20220819194047.2 | ||
| 041 | 0 | |a eng | |
| 044 | |a GB | ||
| 245 | 1 | 0 | |a Increasing the Board's involvement in strategy. |c S.A. Zahra |
| 520 | |a Návrh postupu na revitalizáciu funkcie výboru riaditeľov pri ich začleňovaní do mapovania strategických postupov spoločností. Podmienky pre efektívny strategický prínos výboru a špecifikácia oblastí potenciálneho záujmu riaditeľov. | ||
| 610 | 2 | 0 | |a riaditelia |
| 610 | 2 | 0 | |a stratégia podniková |
| 610 | 2 | 0 | |a rady správne |
| 100 | 1 | |a Zahra, Shaker A. | |